| 000 | 00382pab a2200157 454500 | ||
|---|---|---|---|
| 008 | 180718b1957 xxu||||| |||| 00| 0 eng d | ||
| 100 | _aKarve, D.G. | ||
| 245 | _aSome reflections on the T.V.A. | ||
| 260 | _c1957 | ||
| 300 | _ap.99-103. | ||
| 362 | _aApr-Jun | ||
| 650 | _aCivil service | ||
| 773 | _aIndian Journal of Public Administration | ||
| 908 | _aN | ||
| 909 | _a100603 | ||
| 999 |
_c100602 _d100602 |
||